| 000 | 00361nam a2200145Ia 4500 | ||
|---|---|---|---|
| 008 | 230917s9999||||xx |||||||||||||| ||und|| | ||
| 040 |
_e43683 _aMAIN |
||
| 041 | _aEnglish | ||
| 082 | _a821.8 E46N:M | ||
| 100 | _aNaik, M K | ||
| 245 | 0 | _aMighty voices: Studies in T S Eliot | |
| 260 |
_aNew Delhi _bArnold-Heinemann _c1980 |
||
| 300 | _a120 p. | ||
| 942 | _cBK | ||
| 999 |
_c208314 _d208314 |
||